000 00618nam a22002297a 4500
008 240702b mp ||||| |||| 00| 0 mon d
020 _a99929-0-468-2
035 _a3652
040 _aZA2481090
_bmon
_cMN-UlNLM
_dMN-UlNLM
_erda
041 _amon
042 _a10766
084 _2NNA
_a28.6
_bА-35
100 _aАйгнэр Э.
245 0 _aГэрийн тэжээвэр
264 _aУлаанбаатар
_c2007
300 _aх.
336 _2rdacontent
_atext
_btxt
337 _2rdamedia
_aunmediated
_bn
338 _2rdacarrier
_avolume
_bnc
650 _aНохой, Үхэр
942 _2NNA
_cBK
999 _c1096574
_d1096631